Paroles disney : Ce rêve bleu - Statistiques

Statistiques générales
  • Ce quiz a été pris 2 666 fois
  • Le résultat moyen est 166 sur 203
Statistiques - réponses
Paroles % Correct
C'
99%
c'
99%
Je
99%
je
99%
bleu
98%
ce
98%
Ce
98%
me
98%
n'
98%
rêve
98%
t'
98%
à
97%
d'
96%
est
96%
y
96%
De
95%
de
95%
merveilleux
95%
pas,
95%
pas
95%
crois
94%
un
94%
Un
94%
et
93%
Et
93%
monde
93%
Au
92%
au
92%
vais
91%
en
90%
le
90%
90%
90%
Aux
89%
aux
89%
offrir
89%
la
88%
La
88%
une
88%
couleurs
86%
milles
86%
moi
86%
moi,
86%
les
85%
ne
85%
Ne
85%
nous
85%
Nous
85%
tu
85%
deux
84%
nouveau
84%
princesse
84%
as
83%
ciel
83%
coeur
83%
ton
83%
yeux
83%
Dis
82%
dit
82%
du
82%
interdit
82%
jamais
82%
merveilles
82%
voyage
82%
splendeurs
81%
bonheur
80%
croire
80%
ouvrir
80%
personne
80%
tes
80%
laissé
79%
pays
79%
plein
79%
dans
78%
Dans
78%
encore
78%
parler
78%
Pour
78%
délices
77%
fabuleux
76%
si
74%
sens
73%
cieux
72%
légère
72%
cristal
71%
étoiles
70%
ferme
70%
Sous
70%
partageons
69%
vie
69%
ces
67%
océan
65%
Quand
65%
toi
62%
chavire
60%
Toute
57%
viens
56%
vire,
56%
suis
55%
haut
54%
plus
54%
vivons
53%
loin
51%
peux
51%
trop
51%
nuits
49%
Allée
48%
montée
48%
retourner
48%
faisons
47%
Poussière
44%
Qui
44%
durera
42%
chevaux
40%
Sur
38%
dérive
36%
Infiniment
34%
vent
34%
temps
31%
contemple
25%
Vers
21%
horizons
18%
contre
3%
Aucun quiz correspondant
Distribution des résultats
% des personnes avec chaque résultat
Percentile par nombre de réponses
Votre historique - résultats
Vous n’avez pas pris ce quiz